000 00625nam a22001937a 4500
005 20251108172552.0
008 250721s1998 xx 000 0 ara d
082 1 4 _a216.53/قطا
100 1 _aالقطارنة، علي مفلح
245 1 0 _aفقه الأسرة وأثره في السلام البيتي في الإسلام " المرأة والزواج" /
264 1 _aعمان :
_c1998.
300 _a414 ص
650 1 7 _aالفقه الإسلامي
650 1 7 _aالأسرة
650 1 7 _aالحقوق الأسرية
650 1 7 _aالعلاقات داخلالأسرة
942 _2ddc
_cBK
999 _c82788
_d82788